Computers and social studies skills (Record no. 64595)

MARC details
000 -CABECERA
campo de control de longitud fija 00593nam a2200217 a 4500
005 - FECHA Y HORA DE LA ÚLTIMA TRANSACCIÓN
campo de control 20210219152942.0
008 - ELEMENTOS DE LONGITUD FIJA--INFORMACIÓN GENERAL
campo de control de longitud fija 991125n 000 0 u
035 ## - NÚMERO DE CONTROL DEL SISTEMA
Número de control de sistema UPN01000068473
100 ## - ASIENTO PRINCIPAL--NOMBRE PERSONAL
Nombre de persona Vockell, Edward L.
222 #0 - TÍTULO CLAVE
Título clave SOCIAL EDUCATION
245 #0 - MENCIÓN DE TÍTULO
Título Computers and social studies skills
300 ## - DESCRIPCIÓN FÍSICA
Extensión 366-369
362 ## - FECHAS DE PUBLICACIÓN Y/O DESIGNACIÓN SECUENCIAL
Fecha de publicación y/o designación secuencial 56, No. 7, 1992
505 ## - NOTA DE CONTENIDO CON FORMATO PREESTABLECIDO
Nota de contenido con formato Septiembre 1993
653 0# - TERMINO DE INDIZACION - NO CONTROLADO
Término no controlado DESARROLLO DE HABILIDADES
653 0# - TERMINO DE INDIZACION - NO CONTROLADO
Término no controlado DESTREZAS DEL PENSAMIENTO
653 0# - TERMINO DE INDIZACION - NO CONTROLADO
Término no controlado DISEÑO ASISTIDO POR ORDENADOR
653 0# - TERMINO DE INDIZACION - NO CONTROLADO
Término no controlado ESTUDIOS SOCIALES
904 ## - ELEMENTOS DE DATOS D LOCAL, LDD (RLIN)
a AC
b 006284
905 ## - TIPO DE MATERIAL
Tipo de material Articulo

No items available.